| RUSMARC |
| 000 | | | 04451nmc2a22002891x 450 | | 001 | | | a266730e-8f96-41d7-a510-d7ca8fdd0455 | | 005 | | | 20130902233034.0 | | 100 | ## | $a | 20130731l19081918k y0rusy50 ca | | 101 | 0# | $a | rus | | 102 | ## | $a | RU | | 105 | ## | $a | a z ||||| | | 200 | 1# | $a | Соболевский А. И., профессор | | | $j | 1908-1918 | | 215 | ## | $a | 88 листов | | | $c | марки, визитная карточка | | 251 | ## | $c | Дело | | 300 | ## | $a | Заголовок дела на папке: Письма Соболевского А. Никольскому Б. В. | | 300 | ## | $a | 33 письма | | 300 | ## | $a | Листы 2 (2 марки), 4, 6 (2 марки), 13 (1 марка), 16 (1 марка), 19, 24 (1 марка), 29, 32 (1 марка), 35 (1 марка), 38 (1 марка), 41 (1 марка), 44 (1 марка), 47 (2 марки), 50 (1 марка), 53, 56 (1 марка), 58 (1 марка), 61 (1 марка), 64 (2 марки), 66 (1 марка), 67 (1 марка), 70 (1 марка), 73 (1 марка), 75, 79 (2 марки), 81 (1 марка) - конверты. Лист 53, 75 - оторвана марка. Лист 61 - оторвана 1 марка. Лист 83 - отклеены 3 марки. Лист 81 - отклеена марка. Лист 57 - визитная карточка | | 300 | ## | $a | Рукописный текст | | 330 | ## | $a | А. Переписка; 1. Письма к Б. В. Никольскому; (Геерлингер И., Мичерлинг А. А.) см. № 495 | | 461 | #0 | $1 | 0011c5950b4-9b17-43ad-92f1-e565a07ae223 | | | $1 | 2001 | | | $a | Никольский Борис Владимирович, историк права, профессор Юрьевского и Петербургского университетов, один из руководителей главного совета "Русского собрания", поэт, критик | | | $1 | 251 | | | $c | Фонд | | | $1 | 852 | | | $j | 588 | | 462 | #0 | $1 | 001855f2cb0-80f8-42f6-88fa-41bf4837b2b7 | | | $1 | 2001 | | | $a | Никольский Борис Владимирович. 1837-1919 гг. | | | $1 | 251 | | | $c | Опись | | | $1 | 852 | | | $j | 1 | | 517 | ## | $a | Письма Соболевского А. Никольскому Б. В. | | 600 | #1 | $a | Никольский | | | $b | Б. В. | | | $g | Борис Владимирович | | 600 | #1 | $a | Соболевский | | | $b | А. И. | | | $g | Алексей Иванович | | 801 | #0 | $a | RU | | | $b | GA_RF | | 801 | #1 | $a | RU | | | $b | НПО Опыт | | | $c | 20130731 | | | $2 | rusmarc | | 801 | #2 | $a | RU | | | $b | ПБ им. Б.Н. Ельцина | | | $c | 20130902 | | | $g | RCR | | | $2 | rusmarc | | 852 | ## | $a | ГА РФ | | | $j | 722 | | 937 | ## | $d | 31244459 | | | $h | ПБ | | 035 | ## | $a | RuPRLIB51010644 |
|